000 00465ntaaa2200181 4500
003 01
005 20251027202708.0
008 0714s1973 ag 01
040 _aAR-BaBN
_bspa
_cAR-BaBN
_eaacr
_dRIC
082 _a487.0400 H86
100 _aHudson, D.F.
_926620
245 _aNew Testament greek
250 _a1 ed.
260 _aLondon :
_bEnglish Universities Press,
_c1960, 1967
300 _axiv, 177 p
650 _agriego-nuevo testamento
_91458
942 _cBK
999 _c22108
_d22108